| 000 | 00914cam a2200253 4500 | ||
|---|---|---|---|
| 001 | ##L135094 | ||
| 002 | ##10105 | ||
| 008 | 060925n2006 000 0 eng u | ||
| 020 | _a1873394764 | ||
| 035 | _a(Sirsi) u135094 | ||
| 041 | 0 | _aeng | |
| 050 | 0 | 4 | _a693.1 $2 18 |
| 100 | 1 | _aWarland, Edmund George | |
| 245 | 0 | 0 | _aModern practical masonry |
| 250 | _aReprint of 1st ed. published by B.T. Batsford in 1929 | ||
| 260 |
_aShaftesbury _bDonhead Publishing _c2006 |
||
| 300 |
_a284p. _bill. _c25cm. |
||
| 350 | _a45 | ||
| 520 | _aIncludes a treatise on geometry for setting out, as well as descriptions of the tools and machinery in use at the time, a discussion of the principles of stone cutting, details of building stones and a section on masonry costing and estimating. | ||
| 590 | _aIKA171006 | ||
| 651 | 4 |
_aUnited Kingdom _y |
|
| 690 | _aBUILT ENVIRONMENT-BUILDING MATERIALS-STONE | ||
| 942 | _n0 | ||
| 999 |
_c105917 _d105917 |
||